000 02576cam a2200685 a 4500
001 20083
003 VRT
005 20260115153259.0
008 250311s1959 xo o gr 000 0 slo
015 _aSNBA1959
020 _q(viazané)
035 _aTNKK067740
035 _aurn:nbn:sk:snk-am3ig0i
035 _aurn:nbn:sk:snk-am00e8vu
035 _a4C704200-DB6D-4188-9E0E-2A0F8375B1D1
039 9 _a202503111220
_bVLOAD
_c202111062107
_dAUTHORITY
_c202106240412
_dVLOAD
_c202103241049
_dAUTHORITY
040 _aSNK
_bslo
_cSNK
_eAACR2
041 0 _aslo
043 _ae-xo---
044 _axo
_cSK
072 7 _a792
_xDivadlo. Divadelné predstavenia
_2konspekt
080 _a792
_22011
080 _a(437.611)
_22011
080 _a792.05-027.542
_22011
080 _a(048.8)
_22011
245 0 0 _aSlovenské národné divadlo 1957-1958
_credakcia Kveta Dibarborová, Jela Krčméry-Vrteľová, Ján Rozner ; fotografie Karol Kállay
250 _a1. vydanie
260 _aBratislava
_bSlovenské vydavateľstvo krásnej literatúry
_c1959
_eMartin
_fTlačiarne Slovenského národného povstania
300 _a162 strán
_bfotografie
_c25 cm
366 _e2760 kusov
500 _aSpoluvydavateľ Slovenské národné divadlo
610 2 7 _aSlovenské národné divadlo
_2SNKKA
648 7 _a1957-1958
_2SNKPH
650 0 7 _aslovenské divadlo
_2SNKPH
650 0 7 _adivadelné umenie
_2SNKPH
650 0 7 _anárodné divadlá
_2SNKPH
650 0 7 _aSlovak theater
_2SNKPHeng
650 0 7 _aPerforming arts
_2SNKPHeng
650 0 7 _aNational theaters
_2SNKPHeng
651 7 _aBratislava (Slovensko)
_2SNKPHgeo
651 7 _aBratislava (Slovakia)
_2SNKPHeng
655 7 _amonografie
_2SNKPH
655 7 _aMonographs
_2SNKPHeng
700 1 _aDibarborová, Kvetuša,
_d1924-2004
_4red
700 1 _aKrčméry-Vrteľová, Jela,
_d1924-2021
_4red
700 1 _aRozner, Ján,
_d1922-2006
_4red
700 1 _aKállay, Karol,
_d1926-2012
_4pht
710 2 _aSlovenské národné divadlo
_4pbl
942 _2ddc
_cOLDO
_n0
949 _6270001000624996
_asvkbbS 43947
_bsvkbbm 49433
949 _6270001000624995
_asvkbbS 43946
_bsvkbbm 49434
949 _60133053373
_asnmk
_bsnmk53373
949 _6270001000447489
_asvkbbS 81441
_bsvkbbm 175759
949 _6369701000002195
_aaubbL 2607
_baubbL2607
_pDivadlá - Bratislava
949 _62889090163
_asavukS 13788
949 _60133010842
_asnmk
_bsnmk10842
949 _617A0825400
_asnkSC 12771
_bsnkKSP 767/59
_s6100:20200129
999 _c20083
_d20083